000 00725nas a2200229 i 4500
001 2530
003 ES-MaACL
005 20250217134645.0
007 t|
008 950801c1889 uy a| s| 1 ||pa d
245 0 0 _aAnuario estadístico de la República Oriental del Uruguay /
_cdir. Eduardo Fonticelli.
260 _aMontevideo :
_bDirección General de Estadística,
_c1889- (
_fImp. Nacional)
300 _a1 v. ;
_c29 cm.
310 _aAnual
362 0 _a1889-
651 4 _aUruguay-
_vEstadísticas.
_9168231
700 1 _aFonticelli, Eduardo,
_edir.
_9194506
710 1 _aUruguay.
_bDirección General de Estadística.
_97526
852 _aES-MaACL
_jC-31477
866 0 _o(1941-1943).
999 _c2530
_d2530